Score 0/22 Timer 07:00
2 Plays Today
% Correct
Dwight D. Eisenhower
89.1%
John Adams
84.9%
Andrew Jackson
84.7%
Herbert Hoover
83.8%
John Tyler
77%
Theodore Roosevelt
74.2%
Barack Obama
73%
Andrew Johnson
71.5%
James K. Polk
65.7%
Gerald Ford
64%
George H.W. Bush
62.6%
% Correct
James Buchanan
59.3%
Jimmy Carter
56.9%
James Madison
51.5%
William Henry Harrison
49.5%
Chester A. Arthur
43.4%
George Washington
32.2%
Zachary Taylor
31.5%
John F. Kennedy
25.1%
Calvin Coolidge
19.2%
Warren G. Harding
15.5%
Ulysses S. Grant
12.4%
Remove Ads.
Support Sporcle.
Get the best of Sporcle when you Go Orange. This ad-free experience offers more features, more stats, and more fun while also helping to support Sporcle. Thank you for becoming a member.

You're not logged in!

Compare scores with friends on all Sporcle quizzes.
OR
Log In

Show Comments

Extras

Top Quizzes Today


Score Distribution

Your Account Isn't Verified!

In order to create a playlist on Sporcle, you need to verify the email address you used during registration. Go to your Sporcle Settings to finish the process.

Report this User

Report this user for behavior that violates our Community Guidelines.

Details: